000 00573nam a2200193Ia 4500
005 20250508161649.0
008 008 250505s9999 xx 000 0 eng d
037 _aTextual
040 _aFEDL
_beng
_cFEDL
041 _aeng
_2eng
084 _a658.8, SCH
_qFEDL
100 _aSchorr Jerry Ed.
_9771243
245 0 _aLogistics in marketing
260 _aNew York, USA
_bPitman Publishing Corporation
_c1969
300 _aix,403p.
700 _a Alexander Milton Ed. Franco Robert J Ed.
_9771244
942 _cTEXL
_h658.8, SCH
999 _c1371419
_d1371419